000 01133cam a22003377a 4500
003 CHAP
005 20220817041806.0
008 971013s1973 r 00010 d
010 _a24642
011 _a25614
035 _a29714
040 _cCHAP
082 _a574.193
_bC6
110 _aComité Mixto FAO/OMS de Expertos en Aditivos Alimentarios
_925891
245 0 _aNormas de identidad y de pureza para algunas enzimas y otras diversas sustancias
260 _aRoma :
_bFAO,
_c1973
300 _a170 p.
490 0 _aFAO. Reuniones sobre nutrición
_v; 50B
590 _aBATCH-UPD
_b10
_c20130110
_lUCH01
_h1402
590 _aBATCH-UPD
_b10
_c20130410
_lUCH01
_h0853
590 _aBATCH-UPD
_b10
_c20130914
_lUCH01
_h1312
590 _aCONVERSION
_b10
_c20130109
_lUCH01
_h1314
650 1 4 _aEnzimas.
_937195
710 0 _aFAO.
710 0 _aOrganización Mundial de la Salud.
_983555
830 0 _aFAO. Reuniones sobre nutrición
_v; 50B
_939679
901 _aBK
942 _cLIBRO
949 _a574.193 C6
_bBC
_cFAO
_d-68690
_eFAO1
_h41539
_i29714
_mD
_si
949 _a574.193 C6
_bBC
_cFAO
_d-68691
_eFAO2
_fc.2
_h41540
_i29714
_mD
_si
999 _c24642
_d24642